01765nam a2200349 ia4500003000400000005001700004008004200021020003900063040002500102082001500127090001900142100002900161245006300190264004500253300004700298336002100345337002500366338002300391490001800414500004900432520059500481650003101076650003401107650003701141650003801178655003601216700003201252830001901284942001101303999001901314952008201333OSt20260504163436.0250114s2025 enka crb 000 1 eng d  a9780192788351cRM 58.50qpaperback aPPAKbengcPPAKerda04223a823.9200a823.92bREDdK1 aReddy, Swapna, eauthor.10aROBBERY AT THE MASQUED BALL /cSwapna Reddy ; Becka Moor.  1aOxford :bOxford University Press,c2025 a122 pages :bcolour illustrations ;c19 cm atext2rdacontent aunmediated2rdamedia avolume2rdacarrier1 aREGGIE RABBIT aSome illustrations in graphic novel format.  aIt's time for the grandest event in Bearburgh: the Masque family's Masqued Ball! And this year it's even more exciting because famous pop star Kitty Qita is going to perform! Young detectives Reggie Rabbit and Pipsquark are there - as waiters for Auntie Hibiscus's catering company. But not everything goes to plan. In the middle of Kitty Qita's big act, the lights go out, and the guests' jewels are stolen. It's a tough case, but Reggie and Pipsquark are on it! Does the answer lie in the mean streets of Dog Lane as the clues suggest? Or is there more to this mystery than meets the eye?10aRabbits vJuvenile fiction20aDetectives vJuvenile fiction20aJewelry theft vJuvenile fiction20aBalls (Parties)vJuvenile fiction 7aDetective and mystery fiction. 1 aMoor, Becka,eillustrator.  0aReggie Rabbit  2ddccB c204088d204088 0070bPPAKcKd2026-05-12l0oK 823.92 REDpA01916332r2026-05-12 12:20:41yB